00339nam a2200121Ia 4500008004100000041000800041082001500049100002200064245004500086250001300131260006500144300000800209231228s2011 xx 000 0 und d aeng a658.8bRAV aRAVICHANDRAN (K.) aMerchant Banking and Financial Services. a1st Rep. aNew DelhibHimalaya Publishing House Mumbai, New Delhic2011 a325